000 00577nam a2200181 4500
999 _c170650
_d170650
005 20191218174823.0
010 _aENG-127205
020 _a9878190647939
_c499.00
035 _aEN-110737
037 _bDBAD/PUB
082 _a332
100 _aVenkatraghvan, Deepa
245 _aWhat your financial agent will tell you :
_band why you shouldn't listen /
_cby Deepa Venkatraghan
260 _aNew Delhi
_bTV 18 Broadcast
270 _a507, Prabhat Kiran, 17, Rajendra Place
_bNew Delhi
_e110008
300 _a216p.
_c22cm(Hb)
942 _2ddc
_cEN
_h332
_mVEN